| 000 | 00581nam a2200205Ii 4500 | ||
|---|---|---|---|
| 001 | 318 | ||
| 003 | CO-ViMGA | ||
| 008 | 241108s9999||||xx |||||||||||||| ||und|| | ||
| 020 | _a9586147436 | ||
| 040 |
_aCO-ViMGA _bspa _erda _cCO-ViMGA |
||
| 041 | 0 | _aspa | |
| 082 | 0 | 4 | _aR 986.1 C64 |
| 245 | 1 | 0 | _aColombia a su alcance |
| 264 | 1 | _a[Lugar de publicación no identificado] : Espasa-Calpe, 1999 | |
| 300 | _avolumen | ||
| 336 |
_atext _btxt _2rdacontent |
||
| 337 |
_aunmediated _bn _2rdamedia |
||
| 338 |
_avolume _bnc _2rdacarrier |
||
| 940 | _aidficha_siabuc: 308. -- ficha_no_siabuc:318 | ||
| 999 |
_c49468 _d49468 |
||